La Sociedad civil ante la transición democrática /
Na minha lista:
| Autor principal: | |
|---|---|
| Outros Autores: | |
| Formato: | Texto |
| Publicado em: |
Mexico D.F.:
Red Mexicana de Investigadores Sobre Organizaciones Civiles
|
| Assuntos: | |
| Tags: |
Adicionar Tag
Sem tags, seja o primeiro a adicionar uma tag!
|
MARC
| LEADER | 00000 a a2200000 04500 | ||
|---|---|---|---|
| 001 | 31233 | ||
| 003 | |||
| 040 | |||
| 020 | |a 970-722-073-2 | ||
| 090 | |a 196902 | ||
| 100 | |a Alvarez, Lucía | ||
| 245 | |a La Sociedad civil ante la transición democrática / |c Lucía Alvarez | ||
| 260 | |a Mexico D.F.: |b Red Mexicana de Investigadores Sobre Organizaciones Civiles | ||
| 300 | |a 193 p. | ||
| 650 | |a SOCIEDAD CIVIL | ||
| 650 | |a TEORIA | ||
| 650 | |a CIUDADANIA | ||
| 650 | |a PARTICIPACION SOCIAL | ||
| 650 | |a CAPITAL SOCIAL | ||
| 650 | |a ORGANIZACIONES NO GUBERNAMENTALES | ||
| 650 | |a MEXICO | ||
| 700 | |a coord. | ||
| 999 | |c 17414 |d 17414 | ||



